[Event "HUN-chT2 Szechenyi 0910"]
[Site "Hungary"]
[Date "2010.02.28"]
[Round "7.11"]
[White "Becsi, Janos"]
[Black "Szabo, Dorina"]
[Result "1/2-1/2"]
[WhiteElo "1791"]
[BlackElo "1716"]
[PlyCount "63"]
[EventDate "2009.11.08"]
[EventType "team-tourn"]
[EventRounds "11"]
[EventCountry "HUN"]
[SourceTitle "EXT 2011"]
[Source "ChessBase"]
[SourceDate "2010.11.26"]
[SourceVersion "1"]
[SourceVersionDate "2010.11.26"]
[SourceQuality "1"]
[WhiteTeam "Ajka Banyasz"]
[BlackTeam "Tapolca Szeremley"]
[WhiteTeamCountry "HUN"]
[BlackTeamCountry "HUN"]

1. e4 e5 2. Nf3 Nf6 3. Nxe5 d6 4. Nf3 Nxe4 5. d4 d5 6. Bd3 Nc6 7. 0-0 Be7 8. Re1 Nf6 9. c3 Bg4 10. Nbd2 0-0 11. Qc2 Bxf3 12. Nxf3 h6 13. h3 Bd6 14. Bd2 Re8 15. Rxe8+ Qxe8 16. Re1 Qf8 17. Ne5 Bxe5 18. dxe5 Nd7 19. e6 fxe6 20. Rxe6 Re8 21. Rxe8 Qxe8 22. Qb3 Nb6 23. Be3 Qe6 24. Qc2 Qd6 25. b3 d4 26. cxd4 Nxd4 27. Bxd4 Qxd4 28. Bh7+ Kh8 29. Bg6 Qa1+ 30. Kh2 Qe5+ 31. Kg1 Qe7 32. Qd2 1/2-1/2

[Event "HUN-chT2 Szechenyi 0809"]
[Site "Hungary"]
[Date "2009.01.11"]
[Round "5.10"]
[White "Becsi, Janos"]
[Black "Farkas, Rita"]
[Result "0-1"]
[WhiteElo "1862"]
[BlackElo "1480"]
[PlyCount "28"]
[EventDate "2008.10.26"]
[EventType "team-tourn"]
[EventRounds "11"]
[EventCountry "HUN"]
[SourceTitle "EXT 2010"]
[Source "ChessBase"]
[SourceDate "2010.11.25"]
[SourceVersion "1"]
[SourceVersionDate "2010.11.25"]
[SourceQuality "1"]
[WhiteTeam "Ajka Banyasz"]
[BlackTeam "Lovo"]
[WhiteTeamCountry "HUN"]
[BlackTeamCountry "HUN"]

1. e4 c5 2. Nf3 Nc6 3. d4 cxd4 4. Nxd4 d6 5. Nc3 Nf6 6. Bc4 g6 7. f3 Bg7 8. Be3 0-0 9. Qd2 Bd7 10. g4 Rc8 11. h4 Nxd4 12. Qxd4 Nxg4 13. Bxf7+ Rxf7 14. Qd3 Rxf3 0-1

[Event "Ajka Borostyan Cup"]
[Site "Ajka"]
[Date "2008.07.19"]
[Round "8"]
[White "Becsi, Janos"]
[Black "Bacso, Gabor"]
[Result "0-1"]
[WhiteElo "1796"]
[BlackElo "2169"]
[PlyCount "82"]
[EventDate "2008.07.12"]
[EventType "swiss"]
[EventRounds "9"]
[EventCountry "HUN"]
[SourceTitle "EXT 2011"]
[Source "ChessBase"]
[SourceDate "2010.11.26"]
[SourceVersion "1"]
[SourceVersionDate "2010.11.26"]
[SourceQuality "1"]

1. e4 c5 2. Nf3 d6 3. d4 cxd4 4. Nxd4 Nf6 5. Nc3 a6 6. Bc4 e6 7. Be3 Be7 8. f3 b5 9. Bb3 Qc7 10. Qd2 Nc6 11. h4 Na5 12. g4 Nc4 13. Bxc4 Qxc4 14. h5 h6 15. g5 hxg5 16. 0-0-0 b4 17. Nce2 Qxa2 18. Qxb4 d5 19. Qb6 Nd7 20. Qc6 Rb8 21. Nb3 Bb7 22. Qc7 Qa4 23. Nc3 Qc4 24. Qg3 dxe4 25. fxe4 Rc8 26. Bxg5 Nf6 27. Rd4 Nxe4 28. Rxe4 Bxe4 29. Rg1 Rxh5 30. Bxe7 Kxe7 31. Nd2 Qc7 32. Qxg7 Bf5 33. Re1 Rd8 34. Qg2 Qf4 35. Qb7+ Kf8 36. Nce4 Bxe4 37. Qb4+ Kg7 38. Rg1+ Rg5 39. Rf1 Qxd2+ 40. Qxd2 Rxd2 41. Kxd2 Rg2+ 0-1

[Event "Ajka Borostyan Cup"]
[Site "Ajka"]
[Date "2008.07.18"]
[Round "7"]
[White "Becsi, Janos"]
[Black "Kovacs, Zsolt1111"]
[Result "1/2-1/2"]
[WhiteElo "1796"]
[BlackElo "2085"]
[PlyCount "82"]
[EventDate "2008.07.12"]
[EventType "swiss"]
[EventRounds "9"]
[EventCountry "HUN"]
[SourceTitle "EXT 2011"]
[Source "ChessBase"]
[SourceDate "2010.11.26"]
[SourceVersion "1"]
[SourceVersionDate "2010.11.26"]
[SourceQuality "1"]

1. e4 Nc6 2. Nf3 e5 3. Bb5 a6 4. Ba4 Nf6 5. 0-0 b5 6. Bb3 Be7 7. Re1 0-0 8. c3 d5 9. exd5 Nxd5 10. Nxe5 Nxe5 11. Rxe5 c6 12. d4 Bd6 13. Re1 Qh4 14. g3 Qh3 15. Bxd5 cxd5 16. Be3 Bg4 17. Qd3 f5 18. Qf1 Qh5 19. f4 Rf6 20. Nd2 Re8 21. Qg2 Re4 22. a4 Rfe6 23. Nxe4 fxe4 24. axb5 axb5 25. Ra8+ Kf7 26. Rea1 Bf3 27. Qf2 Qg4 28. R1a7+ Be7 29. Rb8 h5 30. Rxb5 Rd6 31. Rbb7 Re6 32. Rd7 Ke8 33. Rxd5 Rd6 34. Re5 Re6 35. d5 Rxe5 36. fxe5 h4 37. e6 Bg5 38. Bxg5 Qxg5 39. Ra8+ Ke7 40. Ra7+ Ke8 41. d6 Qc1+ 1/2-1/2

[Event "Ajka Borostyan Cup"]
[Site "Ajka"]
[Date "2008.07.17"]
[Round "6"]
[White "Paksa, Rudolf"]
[Black "Becsi, Janos"]
[Result "1/2-1/2"]
[WhiteElo "2199"]
[BlackElo "1796"]
[PlyCount "53"]
[EventDate "2008.07.12"]
[EventType "swiss"]
[EventRounds "9"]
[EventCountry "HUN"]
[SourceTitle "EXT 2011"]
[Source "ChessBase"]
[SourceDate "2010.11.26"]
[SourceVersion "1"]
[SourceVersionDate "2010.11.26"]
[SourceQuality "1"]

1. e4 e5 2. Nf3 Nc6 3. Bb5 a6 4. Ba4 Nf6 5. 0-0 Be7 6. Qe2 b5 7. Bb3 0-0 8. c3 d6 9. a4 Bb7 10. d4 Na5 11. Bc2 Nc4 12. b3 Nb6 13. dxe5 dxe5 14. Nxe5 Bd6 15. Ng4 Nxg4 16. Qxg4 Re8 17. Be3 c5 18. Nd2 Qc7 19. a5 Nd7 20. f4 Nf6 21. Qf3 Re7 22. Qh3 Nxe4 23. f5 f6 24. Nxe4 Bxe4 25. Bxe4 Rxe4 26. Rad1 Rae8 27. Bc1 1/2-1/2

[Event "Ajka Borostyan Cup"]
[Site "Ajka"]
[Date "2008.07.12"]
[Round "1"]
[White "Becsi, Janos"]
[Black "Boguszlavszkij, Jevgenyij"]
[Result "0-1"]
[WhiteElo "1796"]
[BlackElo "2272"]
[PlyCount "60"]
[EventDate "2008.07.12"]
[EventType "swiss"]
[EventRounds "9"]
[EventCountry "HUN"]
[SourceTitle "EXT 2011"]
[Source "ChessBase"]
[SourceDate "2010.11.26"]
[SourceVersion "1"]
[SourceVersionDate "2010.11.26"]
[SourceQuality "1"]

1. e4 c6 2. d4 d5 3. Nc3 dxe4 4. Nxe4 Nf6 5. Nxf6+ gxf6 6. Nf3 Bg4 7. Be2 Nd7 8. Bf4 Qb6 9. Be3 e6 10. 0-0 Qc7 11. Qd2 0-0-0 12. c4 Rg8 13. Rfc1 Bd6 14. g3 e5 15. c5 Be7 16. Qc2 Nf8 17. dxe5 fxe5 18. b4 f5 19. Ne1 Bxe2 20. Qxe2 f4 21. Bd2 e4 22. Bc3 e3 23. Nf3 exf2+ 24. Kf1 Ng6 25. Qe6+ Kb8 26. gxf4 Qxf4 27. Be5+ Nxe5 28. Qxe5+ Qxe5 29. Nxe5 Bf6 30. Nf7 Rd2 0-1

[Event "HUN-ch Seniors"]
[Site "Ajka"]
[Date "2008.06.27"]
[Round "6"]
[White "Szatmary, Revay Jozsef"]
[Black "Becsi, Janos"]
[Result "1-0"]
[WhiteElo "2096"]
[BlackElo "1795"]
[PlyCount "73"]
[EventDate "2008.06.23"]
[EventType "swiss"]
[EventRounds "9"]
[EventCountry "HUN"]
[SourceTitle "EXT 2011"]
[Source "ChessBase"]
[SourceDate "2010.11.26"]
[SourceVersion "1"]
[SourceVersionDate "2010.11.26"]
[SourceQuality "1"]

1. d4 Nf6 2. c4 g6 3. Nc3 d5 4. Nf3 Bg7 5. e3 0-0 6. Be2 c6 7. b3 Re8 8. Bb2 Nbd7 9. 0-0 Qc7 10. Rc1 Qb8 11. cxd5 cxd5 12. Nb5 Nf8 13. Nc7 Bd7 14. Nxa8 Qxa8 15. Ne5 Ne6 16. Bd3 Qb8 17. f4 a6 18. f5 Ng5 19. fxg6 hxg6 20. h4 Nge4 21. Bxe4 dxe4 22. Rxf6 Bxf6 23. Nxd7 Qd6 24. Nxf6+ Qxf6 25. Qe1 Qd6 26. Qf2 f6 27. Qf4 Qe6 28. Rf1 Kf7 29. Rc1 a5 30. Qh6 Rg8 31. Ba3 b5 32. Bc5 g5 33. Qh5+ Rg6 34. hxg5 Kg7 35. d5 Qe5 36. gxf6+ Qxf6 37. Bd4 1-0

[Event "HUN-ch Seniors"]
[Site "Ajka"]
[Date "2008.06.26"]
[Round "5"]
[White "Becsi, Janos"]
[Black "Trnovec, Mihaly"]
[Result "1/2-1/2"]
[WhiteElo "1795"]
[BlackElo "2028"]
[PlyCount "46"]
[EventDate "2008.06.23"]
[EventType "swiss"]
[EventRounds "9"]
[EventCountry "HUN"]
[SourceTitle "EXT 2011"]
[Source "ChessBase"]
[SourceDate "2010.11.26"]
[SourceVersion "1"]
[SourceVersionDate "2010.11.26"]
[SourceQuality "1"]

1. e4 g6 2. d4 Bg7 3. Nf3 c5 4. c3 cxd4 5. cxd4 d5 6. Nc3 e6 7. e5 Nc6 8. Be2 a6 9. a4 Qb6 10. Rb1 Nge7 11. 0-0 Nf5 12. Be3 Bd7 13. Qd2 Nxe3 14. Qxe3 0-0 15. h4 f5 16. Qf4 h6 17. Rfd1 Qd8 18. b4 Qe7 19. Na2 Nd8 20. a5 Nf7 21. Rdc1 Bc6 22. Rc5 Rfc8 23. Rbc1 Bf8 1/2-1/2

[Event "HUN-ch Seniors"]
[Site "Ajka"]
[Date "2008.06.24"]
[Round "2"]
[White "Papp, Karoly"]
[Black "Becsi, Janos"]
[Result "1-0"]
[WhiteElo "1904"]
[BlackElo "1795"]
[PlyCount "105"]
[EventDate "2008.06.23"]
[EventType "swiss"]
[EventRounds "9"]
[EventCountry "HUN"]
[SourceTitle "EXT 2011"]
[Source "ChessBase"]
[SourceDate "2010.11.26"]
[SourceVersion "1"]
[SourceVersionDate "2010.11.26"]
[SourceQuality "1"]

1. e4 e5 2. Nf3 Nc6 3. d4 exd4 4. Bc4 h6 5. Nxd4 Qf6 6. Nb5 Kd8 7. 0-0 a6 8. N5c3 Bd6 9. f4 Qd4+ 10. Qxd4 Nxd4 11. Bd3 Ne7 12. Nd2 b5 13. Nf3 Nec6 14. Kh1 f6 15. Ne2 Nxe2 16. Bxe2 Bb7 17. Nh4 Ne7 18. Bf3 g5 19. e5 Bxf3 20. exd6 Bxg2+ 21. Nxg2 cxd6 22. fxg5 fxg5 23. Bd2 Nc6 24. Bc3 Re8 25. Rf6 Kc7 26. Re1 Rxe1+ 27. Bxe1 Re8 28. Kg1 h5 29. Kf1 h4 30. Bd2 h3 31. Ne3 Re5 32. Rh6 g4 33. Nxg4 Rf5+ 34. Nf2 Ne5 35. Rxh3 d5 36. Kg2 Nc4 37. Bc1 a5 38. b3 Ne5 39. Nd3 d6 40. Nf4 Kc6 41. Rc3+ Kd7 42. Nxd5 Ng4 43. Nf4 d5 44. h3 Nf6 45. Rg3 Kd6 46. Nd3 d4 47. Rf3 Rxf3 48. Kxf3 Kd5 49. Nf4+ Kc5 50. Ba3+ b4 51. Bb2 Nd5 52. Nxd5 Kxd5 53. Kf4 1-0

[Event "HUN-chT2 Szechenyi 0708"]
[Site "Hungary"]
[Date "2008.02.17"]
[Round "6"]
[White "Kovacs, Andras"]
[Black "Becsi, Janos"]
[Result "1-0"]
[WhiteElo "2005"]
[BlackElo "1775"]
[PlyCount "121"]
[EventDate "2007.10.14"]
[EventType "team"]
[EventRounds "11"]
[EventCountry "HUN"]
[SourceTitle "EXT 2009"]
[Source "ChessBase"]
[SourceDate "2008.11.26"]
[SourceVersion "1"]
[SourceVersionDate "2008.11.26"]
[SourceQuality "1"]
[WhiteTeam "Veszprem"]
[BlackTeam "Ajka Banyasz"]
[WhiteTeamCountry "HUN"]
[BlackTeamCountry "HUN"]

1. e4 e5 2. Nf3 Nc6 3. Bc4 Bc5 4. c3 Nf6 5. d4 exd4 6. e5 Ng4 7. cxd4 Bb4+ 8. Nc3 d5 9. Bd3 Be6 10. 0-0 Qd7 11. Qc2 h5 12. Ne2 0-0-0 13. Bb5 Ba5 14. Qa4 Bb6 15. Bf4 Qe8 16. Bxc6 bxc6 17. Qa6+ Kb8 18. a4 Bc8 19. Qd3 a6 20. a5 Ba7 21. Rfc1 f6 22. exf6 gxf6 23. Qc2 Bb7 24. Nc3 Rd7 25. Re1 Qg8 26. Na4 Rg7 27. g3 h4 28. Nc5 hxg3 29. fxg3 Qh7 30. Qxh7 Rgxh7 31. h4 Bxc5 32. dxc5 Bc8 33. Nd4 Kb7 34. Ra3 Bd7 35. Rb3+ Kc8 36. Nc2 Rg8 37. Nb4 Ne5 38. Nxa6 Kd8 39. Kh1 Bf5 40. Bxe5 fxe5 41. Rxe5 Bc8 42. Nb4 Kd7 43. Rf3 Rg4 44. Nd3 Ra4 45. Ref5 Ke7 46. Re5+ Kd7 47. Rg5 Ba6 48. Ne5+ Kc8 49. Nxc6 Ra1+ 50. Kh2 Rh8 51. Rxd5 Re8 52. Re5 Re1 53. Rxe8+ Rxe8 54. Nb4 Re2+ 55. Kh3 Bc4 56. h5 Rxb2 57. Nd3 Rb1 58. Kh4 Ra1 59. c6 Kd8 60. Nc5 Rxa5 61. Nb7+ 1-0

[Event "HUN-chT2 Szechenyi 0203"]
[Site "Hungary"]
[Date "2002.11.24"]
[Round "3"]
[White "Gocza, Bela"]
[Black "Becsi, Janos"]
[Result "1-0"]
[WhiteElo "1821"]
[BlackElo "1743"]
[PlyCount "43"]
[EventDate "2002.09.22"]
[EventType "team"]
[EventRounds "11"]
[EventCountry "HUN"]
[SourceTitle "EXT 2009"]
[Source "ChessBase"]
[SourceDate "2008.11.26"]
[SourceVersion "1"]
[SourceVersionDate "2008.11.26"]
[SourceQuality "1"]

1. d4 Nf6 2. c4 g6 3. Nc3 d5 4. cxd5 Nxd5 5. e4 Nxc3 6. bxc3 e6 7. Nf3 Be7 8. Bh6 Nd7 9. Bc4 a6 10. a4 c5 11. 0-0 Nb6 12. Bb3 Qc7 13. a5 Nd7 14. d5 Ne5 15. Ba4+ Nd7 16. e5 Bf8 17. d6 Qb8 18. Qd2 b5 19. axb6 Qxb6 20. Rfb1 Qa7 21. Qg5 c4 22. Qf6 1-0